000
00291nam a2200121Ia 4500
008
190216s9999||||xx |||||||||||||| ||und||
100
_a
Chandamadhi Nt
245
0
_a
Law Of Saletax In Kerala
260
_b
Himalaya Publishing House
_c
1987
300
_a
231p
650
_a
Commerce
942
_c
BK
999
_c
5485
_d
5485